Statistics for 2023 NCAA Men's Division I Basketball Tournament Teams

Click here to take the quiz!

General Stats

  • This quiz has been taken 35 times
  • The average score is 46 of 68

Answer Stats

SeedWest% Correct
1Kansas
97%
1Alabama
94%
3Kansas St
94%
2Texas
94%
2Arizona
90%
5Duke
87%
3Gonzaga
87%
8Maryland
87%
7Michigan St
87%
5Saint Mary's
87%
4Virginia
87%
11Arizona St
84%
4Indiana
84%
1Purdue
84%
7Texas A&M
84%
4UConn
84%
8Iowa
81%
6Kentucky
81%
2Marquette
81%
1Houston
77%
9Illinois
77%
15Princeton
77%
5San Diego St
77%
4Tennessee
77%
2UCLA
77%
9Auburn
74%
3Baylor
74%
6Iowa State
74%
7Missouri
74%
9FAU
71%
5Miami
71%
11Nevada
71%
9West Virginia
71%
8Arkansas
68%
8Memphis
68%
11Providence
68%
6TCU
68%
10USC
68%
3Xavier
68%
11Mississippi St
65%
11NC State
65%
7Northwestern
65%
10Penn State
65%
16Fairleigh Dickinson
61%
13Furman
61%
12VCU
61%
10Boise St
58%
14Kennesaw St
58%
11Pitt
58%
12Charleston
55%
15Colgate
55%
6Creighton
55%
14Grand Canyon
55%
13Kent State
55%
10Utah State
55%
16Howard
52%
13Iona
52%
14Montana St
48%
16Texas A&M - CC
48%
14UCSB
48%
12Oral Roberts
45%
16Texas Southern
45%
15Vermont
45%
12Drake
42%
13Louisiana
42%
16N Kentucky
42%
15UNC Asheville
39%
16SE Missouri St
29%

Score Distribution

Percentile by Number Answered

Percent of People with Each Score

Your Score History

You have not taken this quiz